Music Quiz

Random Music Quiz
Score 0/12 Timer 10:00
0 Plays Today
% Correct
Heart-Shaped Box
92.7%
Rape Me
92.7%
Scentless Apprentice
87.8%
Serve the Servants
82.9%
Dumb
80.5%
All Apologies
80.5%
Pennyroyal Tea
78%
Very Ape
75.6%
Milk It
75.6%
tourette's
70.7%
Radio Friendly Unit Shifter
68.3%
Francis Farmer Will Have Her Revenge On Seattle
43.9%
Remove Ads.
Support Sporcle.
Get the best of Sporcle when you Go Orange. This ad-free experience offers more features, more stats, and more fun while also helping to support Sporcle. Thank you for becoming a member.

You're not logged in!

Compare scores with friends on all Sporcle quizzes.
OR
Log In

Show Comments

Extras

Created Jan 4, 2015ReportNominate
Tags:Nirvana

Top Quizzes Today


Score Distribution

Your Account Isn't Verified!

In order to create a playlist on Sporcle, you need to verify the email address you used during registration. Go to your Sporcle Settings to finish the process.

Report this User

Report this user for behavior that violates our Community Guidelines.

Details: